| 000 | 00416 a2200157 4500 | ||
|---|---|---|---|
| 001 | 157340 | ||
| 020 | _a978-85-8277-003-0 | ||
| 040 | _cEscola São Tomás de Aquino | ||
| 100 | _aSHAKESPEARE, William | ||
| 240 | 1 | 0 |
_aRomeu e julieta _lpor |
| 245 | 1 | 0 | _aRomeu e julieta |
| 362 | 0 | _a2013 | |
| 440 | 1 | _aFarol Literário | |
| 697 | _aCaricaturas, desenho animado, cômico, fotonovelas / Quadrinhos | ||
| 942 | _cBK | ||
| 999 |
_c157340 _d157340 |
||